<?xml version="1.0" encoding="UTF-8"?>
<collection xmlns="http://www.loc.gov/MARC21/slim">
  <record>
    <leader>00000nam  2200000   4500</leader>
    <controlfield tag="001">INLIS000000000009597</controlfield>
    <controlfield tag="005">20240702020749</controlfield>
    <datafield tag="035" ind1="#" ind2="#">
      <subfield code="a">0010-1220000115</subfield>
    </datafield>
    <controlfield tag="007">ta</controlfield>
    <controlfield tag="008">240702################g##########0#ind##</controlfield>
    <datafield tag="020" ind1="#" ind2="#">
      <subfield code="a">979 893 950 6</subfield>
    </datafield>
    <datafield tag="082" ind1="#" ind2="#">
      <subfield code="a">320.6</subfield>
    </datafield>
    <datafield tag="084" ind1="#" ind2="#">
      <subfield code="a">320.6 RAM k</subfield>
    </datafield>
    <datafield tag="084" ind1="#" ind2="#">
      <subfield code="a">353.55 RAM k</subfield>
    </datafield>
    <datafield tag="100" ind1=" " ind2="#">
      <subfield code="a">Ramto, Bun Yamin</subfield>
    </datafield>
    <datafield tag="245" ind1="1" ind2="#">
      <subfield code="a">Kebijaksanaan Perumahan di DKI Jakarta :</subfield>
      <subfield code="b">Sistem Pengambilan Keputusan Kebijaksanaan Publik yang Terintegrasi /</subfield>
      <subfield code="c">Bun Yamin Ramto</subfield>
    </datafield>
    <datafield tag="250" ind1="#" ind2="#">
      <subfield code="a">Cetakan ke 1</subfield>
    </datafield>
    <datafield tag="260" ind1="#" ind2="#">
      <subfield code="a">Jakarta :</subfield>
      <subfield code="b">Pustaka Spirit,</subfield>
      <subfield code="c">2006</subfield>
    </datafield>
    <datafield tag="300" ind1="#" ind2="#">
      <subfield code="a">lxvi, 252 halaman :</subfield>
      <subfield code="b">ilus ;</subfield>
      <subfield code="c">21 cm</subfield>
    </datafield>
    <datafield tag="650" ind1="#" ind2="4">
      <subfield code="a">Perumahan-Jakarta</subfield>
    </datafield>
    <datafield tag="856" ind1="#" ind2="#">
      <subfield code="a">Perpustakaan Lembaga Administrasi Negara</subfield>
    </datafield>
    <datafield tag="520" ind1="#" ind2="#">
      <subfield code="a">Buku ini diangkat dari disertasi Prof. Dr. Ir. Bun Yamin Ramto, SE yang dinyatakan lulus dengan yudisium cum laude. Sebagai disertasi sekalipun, analisa mengenai sistem pengembalian keputusan kebijaksanaan menyangkut perumahan bagi rakyat yang disajikan dalam buku ini sangat tajam, komprehensif, integralistik, dan dengan pijakan landasan teoritik yang kuat dan mutakhir. Perhitungan-perhitungan dalam realisasi pengambilan keputusan yang dilakukan Bun Yamin Ramto dalam buku ini juga sangat rasional dan secara teoritis nyata dapat diaplikasikan. Karena itu buku ini layak dibaca semua kalangan, terutama para pengambil keputusan, pelaku bisnis properti, analisis kewilayahan, mahasiswa dan kaum terpelajar pada umumnya. Agar memahami bahwa yang terpenting bukanlah semata-mata gagasan atau bahkan rencana, tapi bagaimana keputusan kebijaksanaan diambil dan bagaimana pula konstelasinya dengan kehendak rakyat.</subfield>
    </datafield>
    <datafield tag="990" ind1="#" ind2="#">
      <subfield code="a">130213883</subfield>
    </datafield>
    <datafield tag="990" ind1="#" ind2="#">
      <subfield code="a">130213881</subfield>
    </datafield>
    <datafield tag="990" ind1="#" ind2="#">
      <subfield code="a">130213882</subfield>
    </datafield>
    <datafield tag="990" ind1="#" ind2="#">
      <subfield code="a">130213884</subfield>
    </datafield>
  </record>
</collection>
